Library Banner

Cancer is a word not a sentence : (Record no. 90890)

MARC details
000 -LEADER
fixed length control field 00555cam a22001937a 4500
001 - CONTROL NUMBER
control field 14590918
005 - DATE AND TIME OF LATEST TRANSACTION
control field 20170208101641.0
008 - FIXED-LENGTH DATA ELEMENTS--GENERAL INFORMATION
fixed length control field 061011s2006 nyu b 001 0 eng d
020 ## - INTERNATIONAL STANDARD BOOK NUMBER
International Standard Book Number 0007254687 (pbk.)
020 ## - INTERNATIONAL STANDARD BOOK NUMBER
International Standard Book Number 97800077254682
040 ## - CATALOGING SOURCE
Transcribing agency PK-LaUMT
082 04 - DEWEY DECIMAL CLASSIFICATION NUMBER
Classification number 616.994
Edition number 22
Item number BUC-C
100 1# - MAIN ENTRY--PERSONAL NAME
Personal name Buckman, Rob
245 10 - TITLE STATEMENT
Title Cancer is a word not a sentence :
Remainder of title a practical guide to help you through the first few weeks /
Statement of responsibility, etc Robert Buckman
260 ## - PUBLICATION, DISTRIBUTION, ETC. (IMPRINT)
Place of publication, distribution, etc London :
Name of publisher, distributor, etc Collins,
Date of publication, distribution, etc 2007
300 ## - PHYSICAL DESCRIPTION
Extent 248 p. ;
Dimensions 21 cm.
650 #0 - SUBJECT ADDED ENTRY--TOPICAL TERM
Topical term or geographic name as entry element Cancer
942 ## - ADDED ENTRY ELEMENTS (KOHA)
Koha item type Books
Holdings
Withdrawn status Lost status Damaged status Home library Current library Date acquired Full call number Barcode Date last seen Price effective from Koha item type
      UMT Health Sciences Campus UMT Health Sciences Campus 2017-02-08 616.994 BUC-C 105288 2017-02-08 2017-02-08 Books